<?xml version="1.0" encoding="UTF-8"?>
<record
    xmlns:xsi="http://www.w3.org/2001/XMLSchema-instance"
    xsi:schemaLocation="http://www.loc.gov/MARC21/slim http://www.loc.gov/standards/marcxml/schema/MARC21slim.xsd"
    xmlns="http://www.loc.gov/MARC21/slim">

  <leader>03695njm a2200553Ia 4500</leader>
  <controlfield tag="001">23890</controlfield>
  <controlfield tag="003">IT-RoPAU</controlfield>
  <controlfield tag="005">20220918181125.0</controlfield>
  <controlfield tag="008">131025s9999    xx            000 0 und d</controlfield>
  <datafield tag="040" ind1=" " ind2=" ">
    <subfield code="a">IT-RoPAU</subfield>
  </datafield>
  <datafield tag="040" ind1=" " ind2=" ">
    <subfield code="c">IT-RoPAU</subfield>
  </datafield>
  <datafield tag="999" ind1=" " ind2=" ">
    <subfield code="c">100105</subfield>
    <subfield code="d">100105</subfield>
  </datafield>
  <datafield tag="999" ind1=" " ind2=" ">
    <subfield code="b">n.d.</subfield>
  </datafield>
  <datafield tag="100" ind1=" " ind2=" ">
    <subfield code="a">AA.VV.</subfield>
    <subfield code="9">794</subfield>
  </datafield>
  <datafield tag="100" ind1=" " ind2=" ">
    <subfield code="e">Autore musica</subfield>
    <subfield code="9">7073</subfield>
  </datafield>
  <datafield tag="100" ind1=" " ind2=" ">
    <subfield code="g">Codice autore musica SPICS: 12000</subfield>
    <subfield code="9">796</subfield>
  </datafield>
  <datafield tag="245" ind1=" " ind2=" ">
    <subfield code="a">Sotto il sole d'Italia (Lp Smrp 9058)</subfield>
  </datafield>
  <datafield tag="250" ind1=" " ind2=" ">
    <subfield code="a">1a ed.</subfield>
  </datafield>
  <datafield tag="260" ind1=" " ind2=" ">
    <subfield code="a">ITALIA</subfield>
  </datafield>
  <datafield tag="260" ind1=" " ind2=" ">
    <subfield code="b">RICORDI</subfield>
    <subfield code="c">1969 [1a Ed.:1969]</subfield>
  </datafield>
  <datafield tag="300" ind1=" " ind2=" ">
    <subfield code="a">DISCO</subfield>
  </datafield>
  <datafield tag="500" ind1=" " ind2=" ">
    <subfield code="a">Canzoni napoletane strumentale</subfield>
  </datafield>
  <datafield tag="505" ind1=" " ind2=" ">
    <subfield code="a">O sole mio (Boneschi Giampiero) - Torna a Surriento (Luna Jenny) - Funicul&#xEC; funicul&#xE0; (Boneschi Giampiero) - Firenze sogna  (Boneschi Giampiero) - Arrivederci Roma (Boneschi Giampiero) - Il carnevale di Venezia (Pattaccini Iller) - Sulla carrozzella (Boneschi Giampiero) - Canta se la vuoi cantar (Pattaccini Iller) - Gondol&#xEC; gondol&#xE0; (Pattaccini Iller) - Mattinata fiorentina (Pattaccini Iller) - La biondina in gondoleta (Pattaccini Iller) - Anema e core (Pattaccini Iller) - Venezia la luna e tu (Canfora Bruno) - Chitarra romana (Boneschi Giampiero)</subfield>
  </datafield>
  <datafield tag="650" ind1=" " ind2=" ">
    <subfield code="a">CANZONE NAPOLET [DISCHI]</subfield>
    <subfield code="e">Codice MATERIA SPICS: 9950</subfield>
    <subfield code="9">7074</subfield>
  </datafield>
  <datafield tag="700" ind1=" " ind2=" ">
    <subfield code="a">Di Capua Edoardo</subfield>
    <subfield code="d">Codice autore musica SPICS: 13138</subfield>
    <subfield code="e">Autore musica</subfield>
    <subfield code="p">O sole mio</subfield>
    <subfield code="9">7075</subfield>
  </datafield>
  <datafield tag="700" ind1=" " ind2=" ">
    <subfield code="a">Capurro Giovanni</subfield>
    <subfield code="d">Codice autore SPICS: 13137</subfield>
    <subfield code="e">Autore</subfield>
    <subfield code="p">O sole mio</subfield>
    <subfield code="9">7076</subfield>
  </datafield>
  <datafield tag="700" ind1=" " ind2=" ">
    <subfield code="a">De Curtis Ernesto</subfield>
    <subfield code="d">Codice autore musica SPICS: 13475</subfield>
    <subfield code="e">Autore musica</subfield>
    <subfield code="p">Torna a Surriento</subfield>
    <subfield code="9">7077</subfield>
  </datafield>
  <datafield tag="700" ind1=" " ind2=" ">
    <subfield code="a">Denza L.</subfield>
    <subfield code="d">Codice autore musica SPICS: 13907</subfield>
    <subfield code="e">Autore musica</subfield>
    <subfield code="p">Funicul&#xEC; funicul&#xE0;</subfield>
    <subfield code="9">7078</subfield>
  </datafield>
  <datafield tag="700" ind1=" " ind2=" ">
    <subfield code="a">Cesarini Cesare</subfield>
    <subfield code="d">Codice autore musica SPICS: 13620</subfield>
    <subfield code="e">Autore musica</subfield>
    <subfield code="p">Firenze sogna</subfield>
    <subfield code="9">7079</subfield>
  </datafield>
  <datafield tag="700" ind1=" " ind2=" ">
    <subfield code="a">Garinei Pietro</subfield>
    <subfield code="d">Codice autore musica SPICS: 13576</subfield>
    <subfield code="e">Autore musica</subfield>
    <subfield code="p">Arrivederci Roma</subfield>
    <subfield code="9">7080</subfield>
  </datafield>
  <datafield tag="700" ind1=" " ind2=" ">
    <subfield code="a">Rascel Renato</subfield>
    <subfield code="d">Codice autore SPICS: 13602</subfield>
    <subfield code="e">Autore</subfield>
    <subfield code="p">Arrivederci Roma</subfield>
    <subfield code="9">7081</subfield>
  </datafield>
  <datafield tag="700" ind1=" " ind2=" ">
    <subfield code="a">Benedict</subfield>
    <subfield code="d">Codice autore musica SPICS: 14025</subfield>
    <subfield code="e">Autore musica</subfield>
    <subfield code="p">Il carnevale di Venezia</subfield>
    <subfield code="9">7082</subfield>
  </datafield>
  <datafield tag="700" ind1=" " ind2=" ">
    <subfield code="a">Filippini Gino</subfield>
    <subfield code="d">Codice autore musica SPICS: 13503</subfield>
    <subfield code="e">Autore musica</subfield>
    <subfield code="p">Sulla carrozzella</subfield>
    <subfield code="9">7083</subfield>
  </datafield>
  <datafield tag="700" ind1=" " ind2=" ">
    <subfield code="a">Morbelli Riccardo</subfield>
    <subfield code="d">Codice autore SPICS: 13446</subfield>
    <subfield code="e">Autore</subfield>
    <subfield code="p">Sulla carrozzella</subfield>
    <subfield code="9">7084</subfield>
  </datafield>
  <datafield tag="700" ind1=" " ind2=" ">
    <subfield code="a">De Torres Ferrante Alvaro</subfield>
    <subfield code="d">Codice autore musica SPICS: 13636</subfield>
    <subfield code="e">Autore musica</subfield>
    <subfield code="p">Canta se la vuoi cantar</subfield>
    <subfield code="9">7085</subfield>
  </datafield>
  <datafield tag="700" ind1=" " ind2=" ">
    <subfield code="a">Bixio Cesare Andrea</subfield>
    <subfield code="d">Codice autore SPICS: 13441</subfield>
    <subfield code="e">Autore</subfield>
    <subfield code="p">Canta se la vuoi cantar</subfield>
    <subfield code="9">7086</subfield>
  </datafield>
  <datafield tag="700" ind1=" " ind2=" ">
    <subfield code="a">Nisa (Salerno Nicola)</subfield>
    <subfield code="d">Codice autore musica SPICS: 13452</subfield>
    <subfield code="e">Autore musica</subfield>
    <subfield code="p">Gondol&#xEC; gondol&#xE0;</subfield>
    <subfield code="9">7087</subfield>
  </datafield>
  <datafield tag="700" ind1=" " ind2=" ">
    <subfield code="a">Carosone Renato</subfield>
    <subfield code="d">Codice autore SPICS: 9614</subfield>
    <subfield code="e">Autore</subfield>
    <subfield code="p">Gondol&#xEC; gondol&#xE0;</subfield>
    <subfield code="9">7088</subfield>
  </datafield>
  <datafield tag="700" ind1=" " ind2=" ">
    <subfield code="a">Galdieri Michele</subfield>
    <subfield code="d">Codice autore musica SPICS: 13370</subfield>
    <subfield code="e">Autore musica</subfield>
    <subfield code="p">Mattinata fiorentina</subfield>
    <subfield code="9">7089</subfield>
  </datafield>
  <datafield tag="700" ind1=" " ind2=" ">
    <subfield code="a">D'Anzi Giovanni</subfield>
    <subfield code="d">Codice autore SPICS: 13458</subfield>
    <subfield code="e">Autore</subfield>
    <subfield code="p">Mattinata fiorentina</subfield>
    <subfield code="9">7090</subfield>
  </datafield>
  <datafield tag="700" ind1=" " ind2=" ">
    <subfield code="a">Lamberti</subfield>
    <subfield code="d">Codice autore musica SPICS: 14027</subfield>
    <subfield code="e">Autore musica</subfield>
    <subfield code="p">La biondina in gondoleta</subfield>
    <subfield code="9">7091</subfield>
  </datafield>
  <datafield tag="700" ind1=" " ind2=" ">
    <subfield code="a">Mayr Johann Simon</subfield>
    <subfield code="d">Codice autore SPICS: 14026</subfield>
    <subfield code="e">Autore</subfield>
    <subfield code="p">La biondina in gondoleta</subfield>
    <subfield code="9">7092</subfield>
  </datafield>
  <datafield tag="700" ind1=" " ind2=" ">
    <subfield code="a">D'Esposito S.</subfield>
    <subfield code="d">Codice autore musica SPICS: 14017</subfield>
    <subfield code="e">Autore musica</subfield>
    <subfield code="p">Anema e core</subfield>
    <subfield code="9">7093</subfield>
  </datafield>
  <datafield tag="700" ind1=" " ind2=" ">
    <subfield code="a">Manlio Tito</subfield>
    <subfield code="d">Codice autore SPICS: 13497</subfield>
    <subfield code="e">Autore</subfield>
    <subfield code="p">Anema e core</subfield>
    <subfield code="9">7094</subfield>
  </datafield>
  <datafield tag="700" ind1=" " ind2=" ">
    <subfield code="a">Martelli Luciano Luigi</subfield>
    <subfield code="d">Codice autore musica SPICS: 13591</subfield>
    <subfield code="e">Autore musica</subfield>
    <subfield code="p">Venezia la luna e tu</subfield>
    <subfield code="9">7095</subfield>
  </datafield>
  <datafield tag="700" ind1=" " ind2=" ">
    <subfield code="a">Derevitsky Alessandro</subfield>
    <subfield code="d">Codice autore SPICS: 13617</subfield>
    <subfield code="e">Autore</subfield>
    <subfield code="p">Venezia la luna e tu</subfield>
    <subfield code="9">7096</subfield>
  </datafield>
  <datafield tag="700" ind1=" " ind2=" ">
    <subfield code="a">Bruno C.</subfield>
    <subfield code="d">Codice autore musica SPICS: 13502</subfield>
    <subfield code="e">Autore musica</subfield>
    <subfield code="p">Chitarra romana</subfield>
    <subfield code="9">7097</subfield>
  </datafield>
  <datafield tag="700" ind1=" " ind2=" ">
    <subfield code="a">Di Lazzaro Eldo</subfield>
    <subfield code="d">Codice autore SPICS: 13500</subfield>
    <subfield code="e">Autore</subfield>
    <subfield code="p">Chitarra romana</subfield>
    <subfield code="9">7098</subfield>
  </datafield>
  <datafield tag="942" ind1=" " ind2=" ">
    <subfield code="c">MD</subfield>
    <subfield code="2">ddc</subfield>
  </datafield>
  <datafield tag="952" ind1=" " ind2=" ">
    <subfield code="0">0</subfield>
    <subfield code="1">0</subfield>
    <subfield code="4">0</subfield>
    <subfield code="6">23890_000000000000000</subfield>
    <subfield code="7">1</subfield>
    <subfield code="a">SPICS</subfield>
    <subfield code="b">SPICS</subfield>
    <subfield code="d">2013-10-25</subfield>
    <subfield code="l">0</subfield>
    <subfield code="o">23890</subfield>
    <subfield code="r">2013-10-25 00:00:00</subfield>
    <subfield code="w">2013-10-25</subfield>
    <subfield code="y">MD</subfield>
    <subfield code="z">Progr. Ins.: 4737 / N.Vol.: 1 / Copie: 1 - Copia rara: n.d. / date import: 01.01.2014 - By Epidotti, Trombetti, Vaglietti</subfield>
  </datafield>
</record>
